000 00261nam a2200097Ia 4500
082 _aJ 796.22 BECK
245 0 _aSkateboarding science
100 _a Becker, Helaine New York, [c.2009]
_995340
942 _cBK
008 210817s9999 xx 000 0 und d
999 _c395177
_d395176